[Event "Team Championship (women rapid)"]
[Site "Sochi"]
[Date "2017.10.03"]
[Round "2.3"]
[White "Travkina, Anastasia"]
[Black "Belova, Olga"]
[Result "1-0"]
[LiveChessVersion "1.4.8"]
[BlackElo "2158"]
[WhiteElo "2180"]

1. e4 {[%clk 0:15:19]} e6 {[%clk 0:15:18]} 2. d4 {[%clk 0:15:27]} d5
{[%clk 0:15:27]} 3. Nc3 {[%clk 0:15:36]} dxe4 {[%clk 0:15:35]} 4. Nxe4
{[%clk 0:15:44]} Bd7 {[%clk 0:15:43]} 5. Nf3 {[%clk 0:14:50]} Bc6
{[%clk 0:15:51]} 6. Bd3 {[%clk 0:14:51]} Nd7 {[%clk 0:15:55]} 7. O-O
{[%clk 0:14:12]} Ngf6 {[%clk 0:16:00]} 8. Qe2 {[%clk 0:13:56]} g6
{[%clk 0:14:43]} 9. c4 {[%clk 0:12:04]} Bxe4 {[%clk 0:07:33]} 10. Bxe4
{[%clk 0:12:11]} c6 {[%clk 0:05:10]} 11. Bg5 {[%clk 0:08:34]} h6 {[%clk 0:04:55]}
12. Bh4 {[%clk 0:07:55]} g5 {[%clk 0:04:30]} 13. Bg3 {[%clk 0:07:57]} Nxe4
{[%clk 0:03:21]} 14. Qxe4 {[%clk 0:08:05]} Nf6 {[%clk 0:03:30]} 15. Qe3
{[%clk 0:06:39]} Bg7 {[%clk 0:03:34]} 16. Qb3 {[%clk 0:04:47]} Qe7
{[%clk 0:01:50]} 17. Rfe1 {[%clk 0:04:38]} Nh5 {[%clk 0:00:58]} 18. d5
{[%clk 0:04:08]} Nxg3 {[%clk 0:01:06]} 19. hxg3 {[%clk 0:03:33]} g4
{[%clk 0:01:13]} 20. dxe6 {[%clk 0:03:23]} fxe6 {[%clk 0:01:22]} 21. c5
{[%clk 0:03:13]} O-O-O {[%clk 0:01:26]} 22. Rxe6 {[%clk 0:03:07]} Qxc5
{[%clk 0:01:31]} 23. Nh4 {[%clk 0:02:36]} Bd4 {[%clk 0:01:39]} 24. Re2
{[%clk 0:02:32]} Rhf8 {[%clk 0:01:41]} 25. Rf1 {[%clk 0:02:22]} Kb8
{[%clk 0:01:42]} 26. Ng6 {[%clk 0:02:06]} Rf6 {[%clk 0:01:50]} 27. Nf4
{[%clk 0:02:12]} h5 {[%clk 0:01:48]} 28. Ne6 {[%clk 0:02:06]} Rxe6
{[%clk 0:01:32]} 29. Qxe6 {[%clk 0:02:11]} Qb6 {[%clk 0:01:09]} 30. b3
{[%clk 0:02:06]} a6 {[%clk 0:01:18]} 31. Qf5 {[%clk 0:02:09]} Rd5
{[%clk 0:01:17]} 32. Qf8+ {[%clk 0:02:17]} Ka7 {[%clk 0:01:24]} 33. Re8
{[%clk 0:02:21]} Qc7 {[%clk 0:01:33]} 34. Ra8+ {[%clk 0:02:25]} Kb6
{[%clk 0:01:42]} 35. Qb4+ {[%clk 0:02:31]} 1-0

[Event "Team Championship (women rapid)"]
[Site "Sochi"]
[Date "2017.10.03"]
[Round "2.4"]
[White "Shafigullina, Zarina"]
[Black "Tomilova, Elena"]
[Result "1-0"]
[LiveChessVersion "1.4.8"]
[BlackElo "2260"]
[WhiteElo "2080"]

1. d4 {[%clk 0:15:15]} d5 {[%clk 0:15:19]} 2. Nf3 {[%clk 0:15:24]} Nf6
{[%clk 0:15:28]} 3. g3 {[%clk 0:15:33]} Bg4 {[%clk 0:15:28]} 4. Bg2
{[%clk 0:15:42]} e6 {[%clk 0:15:34]} 5. O-O {[%clk 0:15:50]} Nbd7
{[%clk 0:15:39]} 6. c4 {[%clk 0:15:56]} c6 {[%clk 0:15:47]} 7. Nbd2
{[%clk 0:15:41]} Be7 {[%clk 0:15:47]} 8. h3 {[%clk 0:15:47]} Bh5 {[%clk 0:15:54]}
9. Qb3 {[%clk 0:15:49]} Qb6 {[%clk 0:15:38]} 10. c5 {[%clk 0:15:04]} Qa6
{[%clk 0:15:41]} 11. e4 {[%clk 0:15:03]} Bxf3 {[%clk 0:11:20]} 12. Bxf3
{[%clk 0:14:31]} dxe4 {[%clk 0:10:47]} 13. Nxe4 {[%clk 0:14:37]} O-O
{[%clk 0:10:15]} 14. Bd2 {[%clk 0:11:44]} Nd5 {[%clk 0:09:18]} 15. Rfe1
{[%clk 0:11:47]} b6 {[%clk 0:09:01]} 16. Be2 {[%clk 0:10:09]} Qb7
{[%clk 0:09:04]} 17. Rac1 {[%clk 0:10:00]} b5 {[%clk 0:07:31]} 18. a4
{[%clk 0:08:38]} a6 {[%clk 0:07:38]} 19. axb5 {[%clk 0:05:09]} axb5
{[%clk 0:07:46]} 20. Nc3 {[%clk 0:05:18]} N7f6 {[%clk 0:07:13]} 21. Bg5
{[%clk 0:05:06]} Rfd8 {[%clk 0:06:51]} 22. Bf3 {[%clk 0:04:08]} h6
{[%clk 0:05:25]} 23. Bd2 {[%clk 0:03:31]} Qa6 {[%clk 0:04:56]} 24. Ra1
{[%clk 0:00:27]} Qxa1 {[%clk 0:04:58]} 25. Rxa1 {[%clk 0:00:36]} Rxa1+
{[%clk 0:05:06]} 26. Kg2 {[%clk 0:00:45]} Nxc3 {[%clk 0:04:55]} 27. bxc3
{[%clk 0:00:39]} Nd5 {[%clk 0:04:52]} 28. Bf4 {[%clk 0:00:12]} Rda8
{[%clk 0:04:35]} 29. Bxd5 {[%clk 0:00:13]} exd5 {[%clk 0:04:42]} 30. Qc2
{[%clk 0:00:19]} Bf6 {[%clk 0:04:38]} 31. Qe2 {[%clk 0:00:25]} R1a2
{[%clk 0:03:48]} 32. Qg4 {[%clk 0:00:32]} Re8 {[%clk 0:02:38]} 33. Kf3
{[%clk 0:00:13]} g5 {[%clk 0:02:19]} 34. Be3 {[%clk 0:00:16]} Bg7
{[%clk 0:02:10]} 35. h4 {[%clk 0:00:19]} f5 {[%clk 0:02:03]} 36. Qh5
{[%clk 0:00:21]} g4+ {[%clk 0:02:05]} 37. Kf4 {[%clk 0:00:26]} Rf8
{[%clk 0:01:54]} 38. Qg6 {[%clk 0:00:31]} Ra6 {[%clk 0:01:50]} 39. f3
{[%clk 0:00:32]} Rf6 {[%clk 0:00:54]} 40. Qe8+ {[%clk 0:00:41]} Rf8
{[%clk 0:01:02]} 41. Qe6+ {[%clk 0:00:50]} Kh8 {[%clk 0:01:06]} 42. fxg4
{[%clk 0:00:54]} fxg4+ {[%clk 0:01:03]} 43. Kxg4 {[%clk 0:01:03]} Kh7
{[%clk 0:01:09]} 44. h5 {[%clk 0:00:48]} Rf6 {[%clk 0:01:14]} 45. Qc8
{[%clk 0:00:46]} Ra3 {[%clk 0:01:13]} 46. Bf4 {[%clk 0:00:55]} Rxc3
{[%clk 0:01:15]} 47. Be5 {[%clk 0:00:58]} Rff3 {[%clk 0:01:16]} 48. Qd7
{[%clk 0:00:58]} Rxg3+ {[%clk 0:00:58]} 49. Bxg3 {[%clk 0:01:07]} Kg8
{[%clk 0:00:59]} 50. Qe8+ {[%clk 0:01:08]} Kh7 {[%clk 0:01:07]} 51. Qg6+
{[%clk 0:01:06]} Kh8 {[%clk 0:01:14]} 52. Be5 {[%clk 0:01:03]} Bxe5
{[%clk 0:01:22]} 53. dxe5 {[%clk 0:01:12]} b4 {[%clk 0:01:24]} 54. Qxh6+
{[%clk 0:01:18]} Kg8 {[%clk 0:01:33]} 55. Qg6+ {[%clk 0:01:12]} Kf8
{[%clk 0:01:38]} 56. h6 {[%clk 0:01:19]} Rc1 {[%clk 0:01:45]} 57. Kf5
{[%clk 0:01:22]} 1-0

[Event "Team Championship (women rapid)"]
[Site "Sochi"]
[Date "2017.10.03"]
[Round "2.5"]
[White "Garifullina, Leya"]
[Black "Pogonina, Natalija"]
[Result "0-1"]
[LiveChessVersion "1.4.8"]
[BlackElo "2447"]
[WhiteElo "1840"]

1. e4 {[%clk 0:14:54]} e5 {[%clk 0:15:19]} 2. Nf3 {[%clk 0:15:02]} Nc6
{[%clk 0:15:26]} 3. Bb5 {[%clk 0:14:56]} a6 {[%clk 0:15:34]} 4. Ba4
{[%clk 0:15:04]} Nf6 {[%clk 0:15:41]} 5. O-O {[%clk 0:15:10]} b5 {[%clk 0:15:36]}
6. Bb3 {[%clk 0:15:16]} Bb7 {[%clk 0:15:44]} 7. c3 {[%clk 0:14:51]} Nxe4
{[%clk 0:15:25]} 8. d4 {[%clk 0:14:44]} exd4 {[%clk 0:15:32]} 9. Re1
{[%clk 0:14:34]} d5 {[%clk 0:15:40]} 10. Ng5 {[%clk 0:14:31]} Qd7
{[%clk 0:15:41]} 11. f3 {[%clk 0:12:14]} h6 {[%clk 0:15:34]} 12. Nh3
{[%clk 0:11:02]} O-O-O {[%clk 0:15:37]} 13. fxe4 {[%clk 0:10:18]} dxe4
{[%clk 0:15:44]} 14. cxd4 {[%clk 0:05:05]} Nxd4 {[%clk 0:15:33]} 15. Nf2
{[%clk 0:04:56]} f5 {[%clk 0:13:51]} 16. Nc3 {[%clk 0:03:38]} Bc5
{[%clk 0:11:08]} 17. Be3 {[%clk 0:02:19]} Qe7 {[%clk 0:06:52]} 18. Qc1
{[%clk 0:00:54]} g5 {[%clk 0:06:10]} 19. Ne2 {[%clk 0:00:36]} Nxb3
{[%clk 0:05:32]} 20. axb3 {[%clk 0:00:35]} Bxe3 {[%clk 0:05:39]} 21. Qxe3
{[%clk 0:00:43]} f4 {[%clk 0:05:39]} 22. Qh3+ {[%clk 0:00:19]} Kb8
{[%clk 0:05:44]} 23. Nc3 {[%clk 0:00:18]} e3 {[%clk 0:05:44]} 24. Nfd1
{[%clk 0:00:14]} b4 {[%clk 0:04:00]} 25. Ne2 {[%clk 0:00:14]} g4 {[%clk 0:03:53]}
26. Qh5 {[%clk 0:00:13]} f3 {[%clk 0:03:41]} 27. Nf4 {[%clk 0:00:12]} f2+
{[%clk 0:02:44]} 28. Nxf2 {[%clk 0:00:20]} exf2+ {[%clk 0:02:53]} 29. Kxf2
{[%clk 0:00:28]} Qg5 {[%clk 0:02:38]} 30. Qxg5 {[%clk 0:00:17]} hxg5
{[%clk 0:02:47]} 31. Ne6 {[%clk 0:00:17]} Rd2+ {[%clk 0:02:50]} 32. Ke3
{[%clk 0:00:25]} Rxb2 {[%clk 0:02:47]} 33. Nc5 {[%clk 0:00:23]} Rxh2
{[%clk 0:02:18]} 34. Kd3 {[%clk 0:00:14]} Rhxg2 {[%clk 0:02:09]} 35. Kc4
{[%clk 0:00:22]} Rge2 {[%clk 0:01:57]} 36. Red1 {[%clk 0:00:21]} Rbd2
{[%clk 0:01:39]} 37. Kxb4 {[%clk 0:00:16]} Rxd1 {[%clk 0:01:31]} 38. Rxd1
{[%clk 0:00:24]} g3 {[%clk 0:01:20]} 39. Nxb7 {[%clk 0:00:14]} Kxb7
{[%clk 0:01:28]} 40. Rd4 {[%clk 0:00:21]} Rf2 {[%clk 0:01:25]} 41. Rd3
{[%clk 0:00:27]} Rf4+ {[%clk 0:01:28]} 42. Ka3 {[%clk 0:00:35]} Rg4
{[%clk 0:01:36]} 43. Rd1 {[%clk 0:00:40]} g2 {[%clk 0:01:45]} 44. Rg1
{[%clk 0:00:49]} Kb6 {[%clk 0:01:53]} 45. Kb2 {[%clk 0:00:55]} Rg3
{[%clk 0:02:00]} 0-1

[Event "Team Championship (women rapid)"]
[Site "Sochi"]
[Date "2017.10.03"]
[Round "2.6"]
[White "Girya, Olga"]
[Black "Stepanyan, Eva"]
[Result "1-0"]
[LiveChessVersion "1.4.8"]
[BlackElo "1864"]
[WhiteElo "2405"]

1. d4 {[%clk 0:15:18]} Nf6 {[%clk 0:15:19]} 2. Nf3 {[%clk 0:15:24]} e6
{[%clk 0:15:26]} 3. c4 {[%clk 0:15:30]} b6 {[%clk 0:15:34]} 4. a3
{[%clk 0:15:38]} Bb7 {[%clk 0:15:40]} 5. Nc3 {[%clk 0:15:47]} d5 {[%clk 0:15:11]}
6. Bg5 {[%clk 0:15:55]} Be7 {[%clk 0:15:12]} 7. e3 {[%clk 0:16:03]} h6
{[%clk 0:15:12]} 8. Bxf6 {[%clk 0:15:36]} Bxf6 {[%clk 0:15:20]} 9. cxd5
{[%clk 0:15:36]} exd5 {[%clk 0:15:18]} 10. Qc2 {[%clk 0:15:18]} O-O
{[%clk 0:15:18]} 11. h4 {[%clk 0:15:18]} Nd7 {[%clk 0:14:55]} 12. g4
{[%clk 0:15:12]} g6 {[%clk 0:13:51]} 13. g5 {[%clk 0:11:55]} hxg5
{[%clk 0:11:16]} 14. h5 {[%clk 0:12:04]} Kg7 {[%clk 0:10:21]} 15. hxg6
{[%clk 0:12:04]} fxg6 {[%clk 0:09:44]} 16. Bd3 {[%clk 0:12:09]} Rh8
{[%clk 0:09:04]} 17. O-O-O {[%clk 0:11:54]} Rxh1 {[%clk 0:07:16]} 18. Rxh1
{[%clk 0:12:03]} Nf8 {[%clk 0:07:21]} 19. e4 {[%clk 0:04:52]} dxe4
{[%clk 0:06:16]} 20. Bxe4 {[%clk 0:05:01]} Bxe4 {[%clk 0:05:24]} 21. Nxe4
{[%clk 0:04:57]} Ne6 {[%clk 0:03:42]} 22. Qc6 {[%clk 0:04:37]} Qe8
{[%clk 0:03:13]} 23. Rh7+ {[%clk 0:04:39]} Kf8 {[%clk 0:02:34]} 24. Qxe8+
{[%clk 0:04:40]} 1-0

[Event "Team Championship (women rapid)"]
[Site "Sochi"]
[Date "2017.10.03"]
[Round "2.7"]
[White "Chekletsova, Darya"]
[Black "Nechaeva, Marina"]
[Result "0-1"]
[LiveChessVersion "1.4.8"]
[BlackElo "2407"]
[WhiteElo "1591"]

1. d4 {[%clk 0:15:19]} d5 {[%clk 0:15:19]} 2. c4 {[%clk 0:15:28]} c6
{[%clk 0:15:28]} 3. cxd5 {[%clk 0:15:36]} cxd5 {[%clk 0:15:37]} 4. Nc3
{[%clk 0:15:44]} Nf6 {[%clk 0:15:46]} 5. Nf3 {[%clk 0:15:52]} Nc6
{[%clk 0:15:54]} 6. Bf4 {[%clk 0:15:59]} e6 {[%clk 0:16:03]} 7. e3
{[%clk 0:16:07]} Nh5 {[%clk 0:16:12]} 8. Bg3 {[%clk 0:16:15]} Nxg3
{[%clk 0:16:18]} 9. hxg3 {[%clk 0:16:21]} g6 {[%clk 0:16:11]} 10. Bd3
{[%clk 0:16:25]} Bg7 {[%clk 0:16:20]} 11. O-O {[%clk 0:16:31]} O-O
{[%clk 0:16:28]} 12. Kh2 {[%clk 0:16:38]} Re8 {[%clk 0:16:31]} 13. Rh1
{[%clk 0:16:39]} a6 {[%clk 0:16:39]} 14. a4 {[%clk 0:16:36]} e5 {[%clk 0:16:40]}
15. dxe5 {[%clk 0:16:41]} Nxe5 {[%clk 0:16:49]} 16. Nxe5 {[%clk 0:16:43]} Rxe5
{[%clk 0:16:58]} 17. Kg1 {[%clk 0:16:48]} Re7 {[%clk 0:14:50]} 18. Qf3
{[%clk 0:15:47]} Be6 {[%clk 0:12:14]} 19. Rh4 {[%clk 0:14:47]} Rc8
{[%clk 0:12:09]} 20. Nd1 {[%clk 0:11:27]} Rd7 {[%clk 0:11:25]} 21. Rb1
{[%clk 0:11:06]} d4 {[%clk 0:10:36]} 22. exd4 {[%clk 0:10:35]} Bxd4
{[%clk 0:08:58]} 23. Be4 {[%clk 0:10:04]} Rcc7 {[%clk 0:08:46]} 24. Kh2
{[%clk 0:09:08]} f5 {[%clk 0:08:38]} 25. Bd3 {[%clk 0:08:20]} Bf6
{[%clk 0:08:47]} 26. Bf1 {[%clk 0:04:30]} Bxh4 {[%clk 0:08:54]} 27. gxh4
{[%clk 0:04:32]} Qxh4+ {[%clk 0:09:01]} 28. Kg1 {[%clk 0:04:40]} Qxa4
{[%clk 0:09:03]} 29. Nc3 {[%clk 0:04:25]} Qc6 {[%clk 0:08:27]} 30. Qf4
{[%clk 0:04:00]} Qd6 {[%clk 0:08:25]} 31. Qh6 {[%clk 0:03:53]} Bf7
{[%clk 0:08:32]} 32. g3 {[%clk 0:02:11]} b5 {[%clk 0:08:40]} 33. Bg2
{[%clk 0:01:23]} Qd2 {[%clk 0:08:33]} 34. Qh3 {[%clk 0:01:15]} Re7
{[%clk 0:08:41]} 35. Kh2 {[%clk 0:00:24]} Qxf2 {[%clk 0:08:20]} 36. Rh1
{[%clk 0:00:16]} Qxb2 {[%clk 0:08:09]} 37. Nd1 {[%clk 0:00:16]} Qd2
{[%clk 0:08:17]} 38. Qh4 {[%clk 0:00:18]} Re2 {[%clk 0:08:21]} 39. Qh3
{[%clk 0:00:23]} Rc2 {[%clk 0:08:29]} 40. Rg1 {[%clk 0:00:28]} Bd5
{[%clk 0:08:36]} 41. Ne3 {[%clk 0:00:14]} Qxe3 {[%clk 0:08:42]} 42. Qh4
{[%clk 0:00:18]} Rxg2+ {[%clk 0:08:50]} 43. Rxg2 {[%clk 0:00:16]} Rxg2+
{[%clk 0:08:59]} 44. Kh3 {[%clk 0:00:34]} g5 {[%clk 0:08:54]} 45. Qh5
{[%clk 0:00:29]} Qc3 46. Qh4 0-1

[Event "Team Championship (women rapid)"]
[Site "Sochi"]
[Date "2017.10.03"]
[Round "2.8"]
[White "Kovanova, Baira"]
[Black "Murzina, Agata"]
[Result "1-0"]
[LiveChessVersion "1.4.8"]
[BlackElo "1707"]
[WhiteElo "2361"]

1. Nf3 {[%clk 0:15:18]} Nf6 {[%clk 0:15:16]} 2. c4 {[%clk 0:15:20]} g6
{[%clk 0:15:20]} 3. d4 {[%clk 0:15:21]} e6 {[%clk 0:15:28]} 4. Nc3
{[%clk 0:15:16]} Bg7 {[%clk 0:15:35]} 5. e4 {[%clk 0:15:21]} d6 {[%clk 0:15:35]}
6. Be2 {[%clk 0:15:26]} O-O {[%clk 0:15:15]} 7. O-O {[%clk 0:15:30]} Re8
{[%clk 0:15:07]} 8. h3 {[%clk 0:14:49]} c5 {[%clk 0:14:04]} 9. Be3
{[%clk 0:14:17]} cxd4 {[%clk 0:13:04]} 10. Nxd4 {[%clk 0:14:23]} Nc6
{[%clk 0:12:50]} 11. Ndb5 {[%clk 0:13:53]} Bf8 {[%clk 0:10:27]} 12. Qd2
{[%clk 0:13:15]} a6 {[%clk 0:10:04]} 13. Nd4 {[%clk 0:13:04]} d5 {[%clk 0:08:53]}
14. Nxc6 {[%clk 0:08:13]} bxc6 {[%clk 0:08:58]} 15. Rad1 {[%clk 0:07:50]} Bb7
{[%clk 0:08:52]} 16. Bg5 {[%clk 0:07:08]} Be7 {[%clk 0:08:02]} 17. exd5
{[%clk 0:05:30]} cxd5 {[%clk 0:07:20]} 18. Bf3 {[%clk 0:05:25]} Qd7
{[%clk 0:06:51]} 19. Qd4 {[%clk 0:04:05]} Kg7 {[%clk 0:06:21]} 20. Ne4
{[%clk 0:03:11]} Qd8 {[%clk 0:06:07]} 21. Nc3 {[%clk 0:02:16]} h6
{[%clk 0:04:54]} 22. Bh4 {[%clk 0:02:24]} Qd7 {[%clk 0:04:56]} 23. Bg3
{[%clk 0:02:21]} Rad8 {[%clk 0:03:46]} 24. Be5 {[%clk 0:02:26]} Bc6
{[%clk 0:03:51]} 25. cxd5 {[%clk 0:01:41]} exd5 {[%clk 0:03:23]} 26. Nxd5
{[%clk 0:01:02]} Qb7 {[%clk 0:01:42]} 27. Bxf6+ {[%clk 0:01:07]} Bxf6
{[%clk 0:01:45]} 28. Qxf6+ {[%clk 0:01:15]} Kg8 {[%clk 0:01:41]} 29. Ne7+
{[%clk 0:01:15]} Qxe7 {[%clk 0:01:27]} 30. Qxe7 {[%clk 0:01:23]} Rxe7
{[%clk 0:01:35]} 31. Rxd8+ {[%clk 0:01:31]} Re8 {[%clk 0:01:36]} 32. Rxe8+
{[%clk 0:01:38]} Bxe8 {[%clk 0:01:44]} 33. Rd1 {[%clk 0:01:45]} Kg7
{[%clk 0:01:52]} 34. Rd6 {[%clk 0:01:52]} Bb5 {[%clk 0:02:00]} 35. b3
{[%clk 0:01:58]} Kf8 {[%clk 0:02:03]} 36. a4 {[%clk 0:02:06]} Be8
{[%clk 0:01:59]} 37. Rxa6 {[%clk 0:02:14]} Kg7 {[%clk 0:02:07]} 38. b4
{[%clk 0:02:21]} Bd7 {[%clk 0:02:15]} 39. b5 {[%clk 0:02:30]} h5 {[%clk 0:02:24]}
40. b6 {[%clk 0:02:38]} Bc8 {[%clk 0:02:32]} 41. Ra8 {[%clk 0:02:40]} Bd7
{[%clk 0:02:18]} 42. b7 {[%clk 0:02:48]} g5 {[%clk 0:02:26]} 43. b8=Q
{[%clk 0:02:54]} g4 {[%clk 0:02:23]} 44. Qh8+ {[%clk 0:03:00]} Kg6
{[%clk 0:02:32]} 45. Be4+ {[%clk 0:03:07]} Bf5 {[%clk 0:02:36]} 46. Rg8#
{[%clk 0:03:13]} 1-0

[Event "Team Championship (women rapid)"]
[Site "Sochi"]
[Date "2017.10.03"]
[Round "2.9"]
[White "Charochkina, Daria"]
[Black "Bodnaruk, Anastasia"]
[Result "0-1"]
[LiveChessVersion "1.4.8"]
[BlackElo "2443"]
[WhiteElo "2326"]

1. d4 {[%clk 0:15:19]} d6 {[%clk 0:15:19]} 2. e4 {[%clk 0:15:10]} g6
{[%clk 0:15:22]} 3. Nc3 {[%clk 0:15:12]} Bg7 {[%clk 0:15:29]} 4. Bg5
{[%clk 0:14:26]} a6 {[%clk 0:14:17]} 5. Qd2 {[%clk 0:14:25]} b5 {[%clk 0:13:57]}
6. a3 {[%clk 0:14:15]} Bb7 {[%clk 0:13:27]} 7. O-O-O {[%clk 0:13:21]} Nd7
{[%clk 0:11:31]} 8. f4 {[%clk 0:13:09]} c5 {[%clk 0:10:25]} 9. dxc5
{[%clk 0:05:00]} Nxc5 {[%clk 0:10:33]} 10. e5 {[%clk 0:04:32]} dxe5
{[%clk 0:10:03]} 11. Qe3 {[%clk 0:03:32]} Qc7 {[%clk 0:08:21]} 12. Nd5
{[%clk 0:02:44]} Bxd5 {[%clk 0:08:14]} 13. Rxd5 {[%clk 0:02:53]} Ne6
{[%clk 0:07:08]} 14. Nf3 {[%clk 0:02:02]} Rc8 {[%clk 0:06:28]} 15. c3
{[%clk 0:01:12]} exf4 {[%clk 0:06:27]} 16. Qd2 {[%clk 0:01:10]} Nxg5
{[%clk 0:06:05]} 17. Nxg5 {[%clk 0:00:48]} Nf6 {[%clk 0:06:00]} 18. Rd3
{[%clk 0:00:57]} O-O {[%clk 0:05:36]} 19. Be2 {[%clk 0:01:02]} h6
{[%clk 0:05:20]} 20. Nh3 {[%clk 0:00:46]} Ne4 {[%clk 0:03:55]} 21. Qc2
{[%clk 0:00:55]} Nc5 {[%clk 0:03:18]} 22. Rdd1 {[%clk 0:00:42]} e5
{[%clk 0:03:06]} 23. g3 {[%clk 0:00:40]} Ne6 {[%clk 0:02:26]} 24. gxf4
{[%clk 0:00:38]} Nd4 {[%clk 0:02:22]} 25. Qd3 {[%clk 0:00:33]} Nxe2+
{[%clk 0:02:07]} 26. Qxe2 {[%clk 0:00:42]} exf4 {[%clk 0:02:17]} 27. Kb1
{[%clk 0:00:40]} Rfe8 {[%clk 0:02:14]} 28. Qf2 {[%clk 0:00:33]} g5
{[%clk 0:02:20]} 29. Rhg1 {[%clk 0:00:40]} Qc5 {[%clk 0:02:10]} 30. Qc2
{[%clk 0:00:31]} f3 {[%clk 0:02:01]} 31. Rge1 {[%clk 0:00:30]} a5
{[%clk 0:01:56]} 32. Nf2 {[%clk 0:00:37]} Qc4 {[%clk 0:01:38]} 33. Ne4
{[%clk 0:00:43]} Qe6 {[%clk 0:01:19]} 34. Nd6 {[%clk 0:00:22]} Qxe1
{[%clk 0:01:17]} 35. Rxe1 {[%clk 0:00:26]} Rxe1+ {[%clk 0:01:26]} 36. Ka2
{[%clk 0:00:35]} Rd8 {[%clk 0:01:17]} 37. Nf5 {[%clk 0:00:20]} a4
{[%clk 0:00:53]} 38. Nd4 Bxd4 {[%clk 0:00:48]} 39. cxd4 {[%clk 0:00:25]} Re2
{[%clk 0:00:18]} 40. Qf5 {[%clk 0:00:34]} f2 {[%clk 0:00:22]} 41. h4
{[%clk 0:00:15]} Rxd4 {[%clk 0:00:20]} 42. hxg5 {[%clk 0:00:13]} Rdd2
{[%clk 0:00:14]} 43. Qc8+ {[%clk 0:00:21]} Kg7 {[%clk 0:00:19]} 44. gxh6+
{[%clk 0:00:25]} Kxh6 {[%clk 0:00:24]} 45. Qh8+ {[%clk 0:00:22]} Kg5
{[%clk 0:00:33]} 46. Qg7+ {[%clk 0:00:28]} Kh4 {[%clk 0:00:34]} 47. Qh6+
{[%clk 0:00:18]} Kg3 {[%clk 0:00:44]} 48. Qg5+ {[%clk 0:00:25]} Kh2
{[%clk 0:00:43]} 49. Qh4+ {[%clk 0:00:33]} Kg2 {[%clk 0:00:45]} 50. Qg4+
{[%clk 0:00:26]} Kf1 {[%clk 0:00:54]} 51. Qh3+ {[%clk 0:00:16]} Ke1
{[%clk 0:01:03]} 52. Qg3 {[%clk 0:00:13]} Rxb2+ {[%clk 0:01:05]} 53. Ka1 Rbd2
{[%clk 0:01:00]} 54. Qc3 {[%clk 0:00:14]} f1=Q {[%clk 0:00:54]} 55. Qc1+
{[%clk 0:00:13]} Rd1 {[%clk 0:00:49]} 0-1

[Event "Team Championship (women rapid)"]
[Site "Sochi"]
[Date "2017.10.03"]
[Round "2.10"]
[White "Ovod, Evgenija"]
[Black "Vasilevich, Tatjana"]
[Result "0-1"]
[LiveChessVersion "1.4.8"]
[BlackElo "2367"]
[WhiteElo "2191"]

1. d4 {[%clk 0:15:19]} Nf6 {[%clk 0:15:17]} 2. Bg5 {[%clk 0:15:26]} Ne4
{[%clk 0:15:25]} 3. Bf4 {[%clk 0:15:35]} d5 {[%clk 0:15:34]} 4. e3
{[%clk 0:15:45]} e6 {[%clk 0:15:39]} 5. Bd3 {[%clk 0:15:53]} c5 {[%clk 0:15:42]}
6. Bxe4 {[%clk 0:15:39]} dxe4 {[%clk 0:15:48]} 7. Nc3 {[%clk 0:15:48]} cxd4
{[%clk 0:13:48]} 8. exd4 {[%clk 0:15:57]} Bb4 {[%clk 0:13:28]} 9. Nge2
{[%clk 0:16:00]} Nc6 {[%clk 0:13:20]} 10. Qd2 {[%clk 0:15:53]} f5
{[%clk 0:12:34]} 11. O-O {[%clk 0:14:35]} O-O {[%clk 0:12:19]} 12. f3
{[%clk 0:13:56]} exf3 {[%clk 0:11:28]} 13. Rxf3 {[%clk 0:14:04]} e5
{[%clk 0:11:37]} 14. Bg5 {[%clk 0:11:44]} Qb6 {[%clk 0:09:34]} 15. Nd5
{[%clk 0:11:39]} Bxd2 {[%clk 0:07:42]} 16. Nxb6 {[%clk 0:11:47]} axb6
{[%clk 0:06:48]} 17. Bxd2 {[%clk 0:11:56]} exd4 {[%clk 0:06:36]} 18. Nf4
{[%clk 0:07:59]} Ne5 {[%clk 0:06:33]} 19. Rg3 {[%clk 0:07:24]} Bd7
{[%clk 0:05:16]} 20. Bb4 {[%clk 0:07:06]} Rf7 {[%clk 0:04:27]} 21. c3
{[%clk 0:04:06]} Nc4 {[%clk 0:03:55]} 22. cxd4 {[%clk 0:03:50]} Nxb2
{[%clk 0:03:57]} 23. a3 {[%clk 0:03:49]} Nc4 {[%clk 0:03:55]} 24. Re1
{[%clk 0:03:30]} Re8 {[%clk 0:03:51]} 25. Rxe8+ {[%clk 0:03:24]} Bxe8
{[%clk 0:04:00]} 26. d5 {[%clk 0:03:31]} Bd7 {[%clk 0:03:38]} 27. Kf2
{[%clk 0:02:09]} h6 {[%clk 0:03:33]} 28. h4 {[%clk 0:01:44]} Ne5 {[%clk 0:03:21]}
29. Ke3 {[%clk 0:01:45]} Ng4+ {[%clk 0:03:22]} 30. Kd4 {[%clk 0:01:53]} g5
{[%clk 0:03:24]} 31. hxg5 {[%clk 0:02:02]} hxg5 {[%clk 0:03:33]} 32. Ne6
{[%clk 0:02:09]} Bxe6 {[%clk 0:02:54]} 33. dxe6 {[%clk 0:02:18]} Rc7
{[%clk 0:02:29]} 34. Kd5 {[%clk 0:01:57]} Kg7 {[%clk 0:02:05]} 35. Rc3
{[%clk 0:00:48]} Rxc3 36. Bxc3+ {[%clk 0:00:57]} Kf8 {[%clk 0:02:14]} 37. Kd6
{[%clk 0:00:46]} Ke8 {[%clk 0:02:23]} 38. Bb4 {[%clk 0:00:27]} Ne3
{[%clk 0:02:11]} 39. Ke5 {[%clk 0:00:23]} f4 {[%clk 0:02:12]} 40. Bc3
{[%clk 0:00:14]} Nxg2 {[%clk 0:02:02]} 41. Kf5 {[%clk 0:00:19]} Ne3+
{[%clk 0:01:49]} 42. Kxg5 {[%clk 0:00:23]} f3 {[%clk 0:01:54]} 43. Be1
{[%clk 0:00:32]} Nd1 {[%clk 0:01:58]} 44. Kf4 {[%clk 0:00:38]} f2
{[%clk 0:02:07]} 45. Bxf2 {[%clk 0:00:48]} Nxf2 {[%clk 0:02:16]} 46. Ke5
{[%clk 0:00:57]} Ke7 {[%clk 0:02:18]} 47. Kd5 {[%clk 0:01:04]} Ng4
{[%clk 0:01:45]} 48. Kc4 {[%clk 0:01:00]} Kd6 {[%clk 0:01:47]} 49. Kb5
{[%clk 0:01:08]} Kc7 {[%clk 0:01:53]} 50. e7 {[%clk 0:01:15]} Nf6
{[%clk 0:02:02]} 51. a4 {[%clk 0:01:20]} Ne8 {[%clk 0:02:10]} 52. a5
{[%clk 0:01:18]} bxa5 {[%clk 0:02:18]} 53. Kxa5 {[%clk 0:01:27]} Kc6
{[%clk 0:02:22]} 54. Kb4 {[%clk 0:01:36]} Kd7 {[%clk 0:02:14]} 55. Kc5
{[%clk 0:01:43]} Kxe7 {[%clk 0:02:22]} 56. Kb6 {[%clk 0:01:52]} Nd6
{[%clk 0:02:31]} 57. Kc5 {[%clk 0:01:59]} b5 {[%clk 0:02:37]} 58. Kd4 0-1